000 01165nam a2200229Ia 4500
003 Ost
005 20260507075048.0
008 260507s9999||||xx |||||||||||||| ||und||
040 _cfsecg
041 _aara
082 _a330
100 _aحنفي، عبد الغفار
_eمؤلف
245 0 _aأساسيات الإستثمار في بورصة الأوراق المالية :
_bأسهم-سندات-وثائق الإستثمار-الخيارات /
_c عبد الغفار حنفي
260 _aالإسكندرية:
_bالدار الجامعية,
_c2001
300 _a489 صفحة؛
_bإيضاحات ؛
_c23 سم
504 _aببليوغرافيا: ص.481
520 _aالاستثمار وأسواق الأوراق المالية-قياس عائد ومخاطر الأوراق المالية-المستحدثات في نظرية الاستثمار وكفاءة أسواق رأس المال-تحليل وتقويم الأسهم-تحليل وتقويم السندات-أسواق رأس المال في مصر-الخيارات
653 _aالإستثمار
653 _aالأوراق المالية
653 _aالبورصات
942 _cكتاب
999 _c42604
_d42604